000 01299naa a22003137a 4500
001 BR8400131
003 BR-BrBNA
005 20240918175405.0
007 ta
008 230509b bl.||||| |||| 00| 0 por d
040 _aBR-BrBNA
_bpor
_cBiblioteca Nacional de Agricultura
041 _a(Pt)
072 _aH10
_b0150
_b4020
090 _aH10 BR8400131
100 1 _aFerreira, E.
111 1 _aSimposio sobre a Cultura do Arroz de Sequeiro
_cJaboticabal, SP (Brazil)
_d25 May 1983
245 1 _aControle integrado de pragas do arroz sequeiro [Oryza sativa, inseto]
246 1 _a[Integrated control of upland rice weeds [Oryza sativa, insect]]
246 1 _a[Symposium on Upland Rice Crop. Aspects related to productiveness]
260 3 _aJaboticabal, SP (Brasil):
_c1983.
500 _aSimposio sobre a Cultura do Arroz de Sequeiro. Aspectos relacionados com a produtividade Jaboticabal, SP (Brasil): 1983. p. 224-243 (BR8400131-AM)H10
650 _aARROZ SEQUEIRO
650 _aINSETO
650 _aCONTROLE INTEGRADO
650 _aCONTROLE BIOLOGICO
773 0 _tSimposio sobre a Cultura do Arroz de Sequeiro. Aspectos relacionados com a produtividade
_wH10 BR8400131
_gJaboticabal, SP (Brasil), 1983. p. 224-243
909 _a202404
_bLucia
_c55
_dLucia Elande
942 _cAM
_2AGRIS
999 _c316467
_d316467